| 000 | 00594nam a2200181 4500 | ||
|---|---|---|---|
| 001 | 136004 | ||
| 003 | ES-MaACL | ||
| 005 | 20251122063127.0 | ||
| 007 | t| | ||
| 008 | 070214s1978 sp r ||||1| spa d | ||
| 100 |
_aRuiz Lagos, Manuel, _d1939-2015 _9233639 |
||
| 245 | 1 | 0 |
_aPaís andaluz / _cManuel Ruiz Lagos. |
| 260 |
_aMadrid : _bConsejo Superior de Investigaciones Científicas, _c1978. |
||
| 300 |
_a271 p., 9 lám. ; _c21 cm. |
||
| 710 | 2 |
_aConsejo Superior de Investigaciones Científicas (España) _93236 |
|
| 852 |
_aES-MaACL _jA-8675 _bR.97799 |
||
| 999 |
_c136004 _d136004 |
||